| 000 | 01356cam a2200337 a 4500 | ||
|---|---|---|---|
| 999 |
_c529488 _d529488 |
||
| 001 | 3983374 | ||
| 003 | NUST | ||
| 005 | 20190926144431.0 | ||
| 008 | 941005s1994 si a b 101 0 eng d | ||
| 010 | _a 95106360 | ||
| 020 | _a9810217587 | ||
| 035 | _a(OCoLC)31224158 | ||
| 038 | _awaseem | ||
| 040 |
_aNcRS _cNcRS _dIU _dDLC |
||
| 042 | _alccopycat | ||
| 050 | 0 | 4 |
_aQA465 _b.I56 1993 |
| 082 | 0 | 0 |
_a530.8 _bCIA |
| 111 | 2 |
_aInternational Workshop on Advanced Mathematical Tools in Metrology _d(1993 : _cTurin, Italy) _921653 |
|
| 245 | 1 | 0 |
_aProceedings of the International Workshop Advanced Mathematical Tools in Metrology : _bVilla Gualino, Torino, Italy, October 20-22, 1993 / _ceditors, P. Ciarlini ... [et al.]. |
| 260 |
_aSingapore ; _aRiver Edge, NJ : _bWorld Scientific, _cc1994. |
||
| 300 |
_aix, 273 p. : _bill. ; _c23 cm. |
||
| 440 | 0 |
_aSeries on advances in mathematics for applied sciences ; _vv. 16 _921654 |
|
| 504 | _aIncludes bibliographical references and index. | ||
| 650 | 0 |
_aMeasurement _vCongresses. _921655 |
|
| 650 | 0 |
_aPhysical measurements _vCongresses. _921656 |
|
| 700 | 1 |
_aCiarlini, P. _921657 |
|
| 740 | 0 | _aAdvanced mathematical tools in metrology. | |
| 906 |
_a7 _bcbc _ccopycat _d2 _encip _f19 _gy-gencatlg |
||
| 942 |
_2ddc _cBK |
||